Obálka Náhled e-knihy:
Epub
Pro půjčování e-knih musíte být přihlášeni.
Jak si půjčit online?

Druhá šance /

Čtyřicátnice Bára a Gábina jsou bývalé spolužačky, které se pokoušejí o restart života a otevřou si kavárnu. Dokážou obě najít to, co hledaly, a dát životu nový směr?

Uloženo v:
Hlavní autor: Kral, Johana, 1966- (Autor)
Médium: E-kniha
Jazyk:Czech
Vydáno: Brno : MOBA, 2026
Vydání:Vydání první
Témata:
Tagy:
Žádné tagy
LEADER 02268nam a2200409 i 4500
001 312895
003 CZ PrSKC
005 20260601215730.0
007 ta
008 260119s2026 xr g 000 f cze
015 |a cnb003722916 
020 |a 9788027924424  |q (vázáno) 
035 |a (OCoLC)1584376199 
040 |a ABG001  |b cze  |e rda 
072 7 |a 821.162.3-3  |x Česká próza  |2 Konspekt 
080 |a 821.162.3-31  |2 MRF 
080 |a (0:82-31)-055.2  |2 MRF 
100 1 |a Kral, Johana,  |d 1966-  |7 jo20201096455  |4 aut 
245 1 0 |a Druhá šance /  |c Johana Kral 
250 |a Vydání první 
264 1 |a Brno :  |b MOBA,  |c 2026 
300 |a 255 stran ;  |c 21 cm 
336 |a text  |b txt  |2 rdacontent 
337 |a bez média  |b n  |2 rdamedia 
338 |a svazek  |b nc  |2 rdacarrier 
500 |a Obálkový podnázev: nikdy není pozdě být konečně šťastná 
520 2 |a Čtyřicátnice Bára a Gábina jsou bývalé spolužačky, které se pokoušejí o restart života a otevřou si kavárnu. Dokážou obě najít to, co hledaly, a dát životu nový směr?  |b Čtyřicítka na krku a všechno se hroutí - manželství, vztahy i spokojenost v práci. Pomůže restart života? Možná, kdoví. Svou druhou šanci potřebuje i Bára. Životní průšvihy ji zatlačily do kouta. Náhoda jí přivede do cesty bývalou spolužačku Gábinu. Ani ona není spokojená, proto se rozhodnou najít pevnou půdu pod nohama společně, ovšem každá po svém. Ne všechny pokusy jsou korunovány úspěchem, ne všechny druhé šance však dokážou obě ženy využít ve svůj prospěch. Nakladatelská anotace. 
655 7 |a české romány  |7 fd133974  |2 czenas 
655 7 |a romány pro ženy  |7 fd187897  |2 czenas 
655 9 |a Czech fiction  |2 eczenas 
655 9 |a women's novels  |2 eczenas 
710 2 |a Nakladatelství MOBA  |7 ko2011627903  |4 pbl 
900 |a ABA001  |b 19 
044 |a xr 
910 |a RBIT002 
998 |d 424690  |a https://core.palmknihy.cz/api/books/424690/cover?t95k7g  |b https://core.palmknihy.cz/api/books/424690/cover/400?t95k7g  |c https://core.palmknihy.cz/api/books/424690/cover/50?t95k7g  |e 2031-03-03  |g 256  |i 9788027924424  |j https://core.palmknihy.cz/api/books/424690/preview.epub  |l   |q 49  |r 1  |s https://www.palmknihy.cz/kniha/424690  |t ebook  |y 2026  |z 0 
999 |d 312893